OPAC Home

සන්නිවේදනයේ ආචාරධර්මීය පදනම : ආදි බුදු සාමය ආශ්‍රිත අධ්‍යයනයකි (Record no. 116779)

MARC details
000 -LEADER
fixed length control field 00619nam a2200169Ia 4500
003 - CONTROL NUMBER IDENTIFIER
control field LK-CoDNM
008 - FIXED-LENGTH DATA ELEMENTS--GENERAL INFORMATION
fixed length control field 010623t1994 xxu||||| |||| 00| 1 sin d
040 ## - CATALOGING SOURCE
Original cataloging agency LK-CoDNM
Modifying agency LK-CoDNM
Description conventions LK-CoDNM
041 ## - LANGUAGE CODE
Language code of text/sound track or separate title Sinhala; Sinhalese
080 ## - UNIVERSAL DECIMAL CLASSIFICATION NUMBER
Universal Decimal Classification number 659.3
Item number WAT
942 ## - ADDED ENTRY ELEMENTS (KOHA)
Koha item type Books
100 ## - MAIN ENTRY--PERSONAL NAME
Personal name Watagedara,Sugath
245 ## - TITLE STATEMENT
Title සන්නිවේදනයේ ආචාරධර්මීය පදනම : ආදි බුදු සාමය ආශ්‍රිත අධ්‍යයනයකි
246 ## - VARYING FORM OF TITLE
Title proper/short title Sanniwedanaye Acharadharmeeya Padanama : Adi Budu Samaya Asritha Adyanayaki
260 ## - PUBLICATION, DISTRIBUTION, ETC. (IMPRINT)
Name of publisher, distributor, etc. Godage
Place of publication, distribution, etc. Colombo
Date of publication, distribution, etc. 1994
300 ## - PHYSICAL DESCRIPTION
Other physical details 104p, 21 cm
Holdings
Withdrawn status Lost status Damaged status Not for loan Collection code Permanent Location Current Location Date acquired Full call number Barcode Koha item type
        Monographs Library National Museum Colombo - Sri Lanka Library National Museum Colombo - Sri Lanka 2023-08-02 659.3 WAT 133671 Books
Copyright © 2023 Department of National Museum, Colombo 07, Sri Lanka Funded by UNESCO IFAP UNESCO